Statistics for Movies by Last Sentence of Wikpedia Plot Synopsis

Click here to take the quiz!

General Stats

  • This quiz has been taken 45 times
    (12 since last reset)
  • The average score is 7 of 15

Answer Stats

HintAnswer% Correct
"The city mourns Dent as a hero, and the police launch a manhunt for Batman."The Dark Knight
89%
"Inside Headquarters, her emotions admire Riley's new personality islands, and are given a newly expanded console with room for them all to work together."Inside Out
78%
"In a vast warehouse, the Ark is crated up and stored among countless other crates."Raiders of the Lost Ark
78%
"After recording the final log entry, she places Jones and herself into stasis for the trip back to Earth."Alien
67%
"Behind their backs, the sled slowly burns and its trade name, printed on top, becomes visible through the flames: 'Rosebud'."Citizen Kane
67%
"They marry in the swamp with fairy-tale creatures in attendance, then leave for their honeymoon."Shrek
67%
"A distraught Scarlett resolves to return home to Tara, vowing to one day win Rhett back."Gone with the Wind
56%
"Norrington permits Jack and the Pearl 'one day's head start' before initiating pursuit."Pirates of the Caribbean: The Curse of the Black Pearl
44%
"Back in his bedroom, the boy asks his grandfather to read him the story again the next day, to which his grandfather replies, 'As you wish.'"The Princess Bride
44%
"As Salieri is wheeled down a hallway, absolving the hospital's patients of their inadequacies as he passes by, Mozart's laughter rings in the air, as a reminder of his glee for his talent."Amadeus
33%
"He then tears a hydrotherapy console free of its floor mountings, throws it through a window, and escapes as Taber and the other inmates awaken and cheer for him."One Flew Over the Cuckoo's Nest
33%
"As the MacNeils leave, Chris gives Dyer the medallion found in Regan's room."The Exorcist
33%
"Alex then contemplates violence and has vivid thoughts of having sex with a woman in front of an approving crowd, thinking to himself, 'I was cured, all right!'"A Clockwork Orange
22%
"He recalls Gaff's words and departs with Rachael."Blade Runner
11%
"Will leaves a note for Sean asking him to tell Lambeau that he had to go 'see about a girl', revealing he passed on the job offer and instead is heading to California to reunite with Skylar."Good Will Hunting
11%

Score Distribution

Percentile by Number Answered

Percent of People with Each Score

Your Score History

You have not taken this quiz since the last reset